| 000 | nam a22 a 4500 | ||
|---|---|---|---|
| 999 |
_c2102 _d2102 |
||
| 003 | AKMAL | ||
| 005 | 20170515113407.0 | ||
| 008 | 170515s1985 -us 00 eng d | ||
| 020 | _a0813371430 (pbk) | ||
| 040 |
_aAKMAL _cAKMAL |
||
| 082 | 0 | 4 | _a353.0082 DAN |
| 090 |
_a353.0082 _bDAN |
||
| 245 |
_aRegulatory reform reconsidered / _cedited by Gregory A. Daneke and David J. Lemak |
||
| 260 |
_aBoulder, Colo. : _bWestview Press, _c1985 |
||
| 300 |
_axi, 153p. ; _c23cm |
||
| 440 |
_aWestview special studies in public policy and public systems management _94343 |
||
| 504 | _aIncludes bibliographies | ||
| 650 |
_aTrade regulation _zUnited States _94344 |
||
| 700 | 1 |
_aDaneke, Gregory A. _94345 |
|
| 700 | 1 |
_aLemak, David J. _94346 |
|
| 942 |
_2ddc _cBOOK |
||